Precast concrete structures (Record no. 54349)

MARC details
000 -LEADER
fixed length control field 00693nam a2200193 a 4500
008 - FIXED-LENGTH DATA ELEMENTS--GENERAL INFORMATION
fixed length control field 060316s2002 ||||||||||||||||| || u
020 ## - INTERNATIONAL STANDARD BOOK NUMBER
International Standard Book Number 0750650842
050 ## - LIBRARY OF CONGRESS CALL NUMBER
Classification number TA 683.7 Ell
100 ## - MAIN ENTRY--PERSONAL NAME
Personal name Elliot, Kim S
245 10 - TITLE STATEMENT
Title Precast concrete structures
260 ## - PUBLICATION, DISTRIBUTION, ETC.
Place of publication, distribution, etc. Oxford :
Name of publisher, distributor, etc. BUTTERWORTH HEINEMANN
Date of publication, distribution, etc. 2002
300 ## - PHYSICAL DESCRIPTION
Extent xi, 375 p. : ill.
350 ## - PRICE (NR) (BK AM CF MU VM SE) [OBSOLETE]
Price 0.00
650 ## - SUBJECT ADDED ENTRY--TOPICAL TERM
Topical term or geographic name entry element CONCRETE
650 ## - SUBJECT ADDED ENTRY--TOPICAL TERM
Topical term or geographic name entry element PRECAST CONCRET CONSTRUCTION
650 ## - SUBJECT ADDED ENTRY--TOPICAL TERM
Topical term or geographic name entry element PRECAST CONCRETE STRUCTURES
856 ## - ELECTRONIC LOCATION AND ACCESS
Uniform Resource Identifier <a href="http://www.loc.gov/catdir/toc/els031/2002071174.html">http://www.loc.gov/catdir/toc/els031/2002071174.html</a>
995 ## - RECOMMENDATION 995 [LOCAL, UNIMARC FRANCE]
-- 0.00
-- CBU-MAIN LIBRARY (Kitwe)
-- 1
-- 12.95
-- 1
-- AVAILABLE
-- Main Library Open Access Collection
Holdings
Withdrawn status Lost status Source of classification or shelving scheme Damaged status Not for loan Home library Current library Shelving location Date acquired Total Checkouts Full call number Barcode Date last seen Price effective from Koha item type
          CBU-MAIN LIBRARY, KITWE. CBU-MAIN LIBRARY, KITWE.   11/30/2022   TA 683.7 Ell 38289 11/30/2022 11/30/2022 MONOGRAPH